000 00791nam a2200205 4500
001 112038
003 ES-MaACL
005 20250802063113.0
007 t|
008 061121s1965 sp r ||||1| spa d
100 1 _aNavarro García, Luis
_985126
245 1 0 _aDon José de Gálvez y la comandancia general de las provincias internas del Norte de Nueva España /
_cLuis García Navarro ; prólogo de José Antonio Calderón Quijano.
250 _a[1ª ed.].
260 _aSevilla :
_bEscuela de Estudios Hispanoamericanos,
_c1965.
300 _aXVI, 602 p. 59 lám. ;
_c24 cm.
700 1 _aCalderón Quijano, José Antonio.
_933626
710 2 _aEscuela de Estudios Hispano-Americanos (Sevilla)
_9134366
852 _aES-MaACL
_jF-2017
_bR.56798
999 _c112038
_d112038